01414 2200385 4500001002100000005001500021035002000036007000300056008004100059336002100100337002300121338003800144040002200182100003400204245020600238300003100444020002200475082001500497084001700512264004200529500006900571650001900640650001400659700003900673700003900712700003300751700003800784700002400822700003000846850001200876852002000888856007600908990002200984990002201006INLIS00000000086633420211105113546 a0010-1121000415ta211105s2016 jkia bs ind d 2rdacontentateks 2rdamediaakomputer 2rdacarrieraSumber sambung jaring aYOPDYOGbinderda0 aHeru Kurniawand1982epenulis10a123 permainan untuk mengembangkan kreativitas anak /cpenulis, Heru Kurniawan, Titi Anisatul Laely, Feny Nida Fitriyani, Titik Suciati, Rofik Andi Hidayah; ilustrator, Dikamdp; penyunting, Alf. Yogi S. a1 berkas komputer (8,2 MB) a978-602-394-040-004223a371.36 a371.36 HER s31aJakarta :bBhuana Ilmu Populer,c2016 aUntuk mengakses buku ini silakan unduh aplikasi http://iJogja.id 4aMetode Belajar 4aPermainan0 aTiti Anisatul Laelyd1993epenulis0 aFeny Nida Fitriyanid1993epenulis0 aTitik Suciatid1994epenulis0 aRofik Andi Hidayahd1991epenulis0 aDikamdpeilustrator1 aYogi S., Alf.epenyunting aYOPDYOG8 aaplikasi iJogja40nPerpustakaan digital iJogjauhttp://ijogja.id /publications/books/22491 a000033-EPD/B.2017 a000034-EPD/B.2017